|
|
|
|
| LEADER |
00766cam a2200205 7i4500 |
| 001 |
0000053261 |
| 005 |
20200110090000.0 |
| 020 |
|
|
|a 9789676106988 (pbk.)
|
| 020 |
|
|
|a 9676106984 (pbk.)
|
| 090 |
0 |
0 |
|a HG8704.66
|b .M356 1996
|
| 100 |
0 |
|
|a Mohd Fadzli Yusof
|
| 245 |
1 |
0 |
|a Takaful :
|b sistem insurans Islam
|c Mohd Fadzli Yusof.
|
| 260 |
|
|
|a Kuala Lumpur:
|b Utusan Publications & Distributors Sdn Bhd,
|c 1996.
|
| 300 |
|
|
|a xiii, 142 p.;
|c 22 cm.
|
| 490 |
0 |
|
|a Siri pengurusan dan perniagaan Utusan
|
| 500 |
|
|
|a Gift: Prof. Dr. Mohd Nor bin Nawawi
|
| 650 |
0 |
0 |
|a Insurance --
|x Religious aspects --
|x Islam
|
| 650 |
0 |
0 |
|a Insurance --
|z Malaysia
|
| 999 |
|
|
|a 0000068491
|b BOK
|c OPEN SHELF
|e 1st Floor, Bestari Jaya
|
| 999 |
|
|
|a 0000068566
|b BOK
|c OPEN SHELF
|e 1st Floor, Bestari Jaya
|